5HLuxD.jpg

KING HENRY VIII SENIOR AND PRIMARY SCHOOL LIBRARY OPAC

Meteors / (Record no. 1477)

000 -LEADER
fixed length control field 01438cam a2200337 i 4500
001 - CONTROL NUMBER
control field 19481274
003 - CONTROL NUMBER IDENTIFIER
control field OSt
005 - DATE AND TIME OF LATEST TRANSACTION
control field 20221230131115.0
008 - FIXED-LENGTH DATA ELEMENTS--GENERAL INFORMATION
fixed length control field 170203s2018 nyua j 001 0 eng c
010 ## - LIBRARY OF CONGRESS CONTROL NUMBER
LC control number 2016054640
020 ## - INTERNATIONAL STANDARD BOOK NUMBER
International Standard Book Number 9781489658197 (soft cover : alk. paper)
040 ## - CATALOGING SOURCE
Original cataloging agency NJQ/DLC
Language of cataloging eng
Transcribing agency NJQ
Description conventions rda
Modifying agency DLC
-- KH8
042 ## - AUTHENTICATION CODE
Authentication code pcc
082 04 - DEWEY DECIMAL CLASSIFICATION NUMBER
Classification number 523.5 ROS
Edition number 23
100 1# - MAIN ENTRY--PERSONAL NAME
Personal name Rose, Simon,
Dates associated with a name 1961-
Relator term author.
245 10 - TITLE STATEMENT
Title Meteors /
Statement of responsibility, etc. Simon Rose.
264 #1 - PRODUCTION, PUBLICATION, DISTRIBUTION, MANUFACTURE, AND COPYRIGHT NOTICE
Place of production, publication, distribution, manufacture New York, NY :
Name of producer, publisher, distributor, manufacturer AV2 by Weigl,
Date of production, publication, distribution, manufacture, or copyright notice [2018]
300 ## - PHYSICAL DESCRIPTION
Extent 32 pages :
Other physical details color illustrations ;
Dimensions 26 cm.
336 ## - CONTENT TYPE
Content type term text
Source rdacontent
337 ## - MEDIA TYPE
Media type term unmediated
Source rdamedia
338 ## - CARRIER TYPE
Carrier type term volume
Source rdacarrier
490 0# - SERIES STATEMENT
Series statement All about space science
500 ## - GENERAL NOTE
General note Includes index.
505 0# - FORMATTED CONTENTS NOTE
Formatted contents note Rocks from space -- Showers and storms -- Meteors through history -- Comets and asteroids -- Falls and finds -- The makeup of meteorites -- Major meteorites -- Impact craters -- Major North American craters -- Craters on other worlds -- Working with meteors -- Looking for shooting stars -- Test your knowledge.
650 #0 - SUBJECT ADDED ENTRY--TOPICAL TERM
Topical term or geographic name entry element Meteors
Form subdivision Juvenile literature.
650 #0 - SUBJECT ADDED ENTRY--TOPICAL TERM
Topical term or geographic name entry element Meteorites
Form subdivision Juvenile literature.
776 08 - ADDITIONAL PHYSICAL FORM ENTRY
Relationship information Online version:
Main entry heading Rose, Simon, 1961- author.
Title Meteors
Place, publisher, and date of publication New York, NY : AV2 by Weigl, [2018]
International Standard Book Number 9781489658203
Record control number (DLC) 2017005659
906 ## - LOCAL DATA ELEMENT F, LDF (RLIN)
a 7
b cbc
c orignew
d 1
e ecip
f 20
g y-gencatlg
942 ## - ADDED ENTRY ELEMENTS (KOHA)
Source of classification or shelving scheme
Koha item type Books - Non Ficton
Holdings
Withdrawn status Lost status Source of classification or shelving scheme Damaged status Not for loan Collection code Permanent Location Current Location Shelving location Date acquired Total Checkouts Full call number Barcode Date due Date last seen Date last checked out Price effective from Koha item type
          Non-Fiction KH8 Primary School Library KH8 Primary School Library Non Fiction 2022-12-30 7 523.5 ROS KHPL000003257 2023-09-18 2023-09-07 2023-09-07 2022-12-30 Books - Non Ficton

Powered By KH8 IT Dept